[Event "AUT-ch"]
[Site "?"]
[Date "1989.??.??"]
[Round "1"]
[White "Deutsch, Ludwig"]
[Black "Kwatschewsky, Leo"]
[Result "1/2-1/2"]
[WhiteElo "2265"]
[BlackElo "2355"]

1.c4 Nf6 2.Nf3 e6 3.Nc3 c5 4.e3 Nc6 5.d4 d5 6.Be2 a6 7.O-O dxc4 8.a4 cxd4
9.exd4 Qc7 10.Bxc4 Nb4 11.Bb3 Bd6 12.Re1 O-O 13.Ne5 Nfd5 14.Nxd5 exd5 15.Bd2 Be6
16.Rc1 Qe7 17.Re3 Bxe5 18.Rxe5 Nc6 19.Re1 Nxd4 20.Bxd5 Rfd8 21.Bxe6 Nxe6
22.Qe2 Rd4 23.a5 Rd5 24.Rc4 Qd7 25.Bc3 Rd8 26.h3 Rd1 27.Rxd1 Qxd1+ 28.Qxd1 Rxd1+
29.Kh2 Kf8 30.Rb4 Rd7 31.f4 f5 32.g4 g6 33.gxf5 gxf5 34.Be5 Nd8 35.Bc3 Kf7
36.Kg3 Nc6 37.Rb6 Kg6 38.Kh4 Kf7 39.Kg5 Ke6 40.h4 Rf7 41.Rb3 Kd5 42.Ra3 Nd8
43.Ra4 Ne6+ 44.Kh6 Rc7 45.Be5 Rf7 46.Rb4 Nc5 47.Rd4+ Ke6 48.Rd6+ Ke7 49.Rb6 Ke8
50.Rf6 Rxf6+ 51.Bxf6 Kf7 52.Be5 Nd3 53.Bc7 Kg8 54.Kg5 Nxb2 55.Kxf5 Kf7 56.Ke5 Ke7
57.Kd5 Nd3 58.Bd6+ Kf6 59.Kd4 Ne1 60.Ke4 Ng2 61.Bc7 Ke7 62.h5 Ne1 63.Be5 Nc2
64.Bc3 Ke6 65.f5+ Kf7 66.Ke5 Ne3 67.Ke4 Nc4 68.Kd5 b5  1/2-1/2

[Event "AUT-ch"]
[Site "?"]
[Date "1989.??.??"]
[Round "1"]
[White "Pilz, Dieter"]
[Black "Klinger, Josef"]
[Result "1-0"]
[WhiteElo "2300"]
[BlackElo "2475"]

1.Nf3 c5 2.c4 Nf6 3.Nc3 e6 4.d4 cxd4 5.Nxd4 d6 6.e4 a6 7.Be2 Be7 8.Be3 O-O
9.O-O b6 10.f4 Bb7 11.Bf3 Qc7 12.Rc1 Nbd7 13.Qe2 Rac8 14.b3 Qb8 15.Rfe1 Rfe8
16.Bf2 Bf8 17.Qd2 g6 18.Bh4 Bg7 19.Kh1 Nc5 20.Re2 e5 21.fxe5 dxe5 22.Nc2 b5
23.Nd5 Nxd5 24.cxd5 Qd6 25.Rd1 f5 26.exf5 gxf5 27.Ne3 Rf8 28.g4 Bh6 29.gxf5 Rc7
30.f6 e4 31.Bg4 Kh8 32.Rg2 Qf4 33.Bg3 Qxe3 34.Qxe3 Bxe3 35.Bxc7 Nd3 36.Be6 Nf2+
37.Rxf2 Bxf2 38.Be5 h5 39.Kg2 e3 40.Kf3 Kh7 41.Bf5+ Kg8 42.Be6+ Kh7 43.Rc1 Kh6
44.Rc7 Ba8 45.Rg7  1-0

[Event "AUT-ch"]
[Site "?"]
[Date "1989.??.??"]
[Round "4"]
[White "Klinger, Josef"]
[Black "Brestian, Egon"]
[Result "0-1"]
[WhiteElo "2475"]
[BlackElo "2465"]

1.Nf3 Nf6 2.c4 c5 3.Nc3 g6 4.d4 cxd4 5.Nxd4 Bg7 6.e4 O-O 7.Be2 Nc6 8.Be3 Nxd4
9.Bxd4 d6 10.Qd2 Qa5 11.O-O Nxe4  0-1

[Event "AUT-ch"]
[Site "?"]
[Date "1989.??.??"]
[Round "5"]
[White "Hoelzl, Franz"]
[Black "Humer, Wolfgang"]
[Result "1/2-1/2"]
[WhiteElo "2350"]
[BlackElo "2310"]

1.c4 Nf6 2.Nc3 c5 3.Nf3 g6 4.e4 Nc6 5.d4 cxd4 6.Nxd4 Nxd4 7.Qxd4 d6 8.Be2 Bg7
9.O-O O-O 10.Bd2 Be6 11.Qe3 Ng4 12.Qg3 Ne5 13.Nd5 Nc6 14.Bc3 Bxd5 15.cxd5 Bxc3
16.Qxc3 Ne5 17.Qd4 Qb6 18.Qxb6 axb6 19.Rfc1 Rfc8 20.f4 Nd7 21.Rxc8+ Rxc8
22.Bg4 f5 23.exf5 Nf6 24.Bh3 Rc2 25.fxg6 hxg6 26.Be6+ Kf8 27.b4 Ne4 28.h4 Nc3
29.f5 Kg7 30.fxg6 Kxg6 31.Kh2 Rd2 32.Re1 Rxa2 33.Kh3 Rb2 34.g4 Rxb4 35.Re3 Rc4
36.Bf5+ Kf6 37.Re6+ Kf7 38.Re1 Rd4 39.Be6+ Kg6 40.Re3 Nxd5 41.Bxd5 Rxd5 42.Rxe7 Rd3+
43.Kg2 Kf6 44.Re2 b5 45.Rf2+ Kg6 46.Rf5 b4 47.h5+ Kh6 48.Rf6+ Kg5 49.Rg6+ Kf4
50.h6 b3 51.h7 Rd2+ 52.Kh3 Rd1 53.Rf6+ Kg5 54.Kg2 Rd2+ 55.Kg3  1/2-1/2

[Event "AUT-ch"]
[Site "?"]
[Date "1989.??.??"]
[Round "8"]
[White "Deutsch, Ludwig"]
[Black "Brestian, Egon"]
[Result "0-1"]
[WhiteElo "2265"]
[BlackElo "2465"]

1.Nf3 Nf6 2.c4 c5 3.Nc3 g6 4.g3 Bg7 5.Bg2 Nc6 6.O-O O-O 7.d4 cxd4 8.Nxd4 Nxd4
9.Qxd4 d6 10.Qh4 Rb8 11.Bh6 Bxh6 12.Qxh6 Be6 13.b3 Qa5 14.Rac1 Rfc8 15.Rfd1 a6
16.Nd5 Bxd5 17.cxd5 Qxa2 18.Qe3 Rxc1 19.Rxc1 Re8 20.Bf3 Qa5 21.Qa7 b6 22.Qb7 Qb5
23.Rc3 a5 24.Kg2 Kf8 25.e4 Qb4 26.Re3 Qc5 27.Be2 h5 28.Bf3 Rd8 29.h3 Nd7
30.Qa6 Rc8 31.h4 Ne5 32.Be2 Kg7 33.Bd1 Rc7 34.Be2 Qd4 35.Qb5 Rc1 36.Qa4 Qd2
37.Qb5 Qd4 38.Qa4 Qc5 39.Qb5 Qxb5 40.Bxb5 Rc2 41.Kf1 Ng4 42.Re2 Rc5 43.Ba6 Rc3
44.Rb2 Nf6 45.b4 Nxe4 46.bxa5 bxa5 47.Ke2 Rc5 48.Rb7 Nc3+ 49.Kd3 Nxd5 50.Bc4  0-1

[Event "AUT-chT"]
[Site "?"]
[Date "1989.??.??"]
[Round "?"]
[White "Hanel, Reinhard"]
[Black "Felsberger, Alfred"]
[Result "1/2-1/2"]
[WhiteElo "2375"]
[BlackElo "2320"]

1.c4 e6 2.Nc3 c5 3.Nf3 Nf6 4.g3 b6 5.Bg2 Bb7 6.O-O Be7 7.b3 O-O 8.Bb2 d6
9.d4 cxd4 10.Qxd4 a6 11.Rfd1 Qc7 12.Rac1 Rd8 13.Qe3 Nbd7 14.Nd4 Ng4 15.Qf4 Ngf6
16.Bxb7 Qxb7 17.Qf3 Qxf3 18.Nxf3 Rac8 19.Ba3  1/2-1/2

[Event "FRG-ch"]
[Site "Bad Neuenahr"]
[Date "1989.??.??"]
[Round "?"]
[White "Mainka, Romuald"]
[Black "Schmittdiel, Eckhard"]
[Result "1/2-1/2"]
[WhiteElo "2410"]
[BlackElo "2425"]

1.Nf3 Nf6 2.c4 e6 3.Nc3 c5 4.e3 Be7 5.d4 cxd4 6.exd4 O-O 7.Bd3 Nc6 8.O-O d6
9.Re1 Re8 10.b3 Bf8 11.Bb2 Qa5 12.Qd2 Qh5 13.Rad1 Bd7  1/2-1/2

[Event "Bad Woerishofen op"]
[Site "Bad Woerishofen"]
[Date "1989.??.??"]
[Round "?"]
[White "Heyken, Enno"]
[Black "Keitlinghaus, Ludger"]
[Result "1/2-1/2"]
[WhiteElo "2450"]
[BlackElo "2410"]

1.Nf3 Nf6 2.c4 c5 3.Nc3 b6 4.g3 Bb7 5.Bg2 g6 6.O-O Bg7 7.d3 O-O 8.e4 Nc6
9.Nh4 Ne8 10.Be3 Nc7 11.Qd2 Ne6 12.Bh6 Ned4 13.Bxg7 Kxg7 14.f4 d6 15.Rae1 f5
16.exf5 gxf5 17.Nf3 Qd7 18.Ne2 Nxf3+ 19.Bxf3 e5 20.Nc3 Rae8 21.Bg2 Nd4 22.Bxb7 Qxb7
23.Nd5 Kh8 24.fxe5 dxe5 25.Qh6 Qg7 26.Qxg7+ Kxg7 27.Rf2 Rf7 28.Kg2 Re6 29.a3 h6
30.b4 cxb4 31.axb4 a5 32.Rb1 Ra7 33.Ra2 e4 34.dxe4 fxe4 35.c5 bxc5 36.Rxa5 Rxa5
37.bxa5 Ra6 38.Rb7+ Kf8 39.Rb8+ Kf7  1/2-1/2

[Event "Bad Woerishofen op"]
[Site "Bad Woerishofen"]
[Date "1989.??.??"]
[Round "?"]
[White "Jackelen, Thomas"]
[Black "Schandorff, Lars"]
[Result "1-0"]
[WhiteElo "2325"]
[BlackElo "2435"]

1.Nf3 c5 2.c4 Nf6 3.Nc3 e6 4.g3 b6 5.Bg2 Bb7 6.O-O a6 7.d4 cxd4 8.Qxd4 d6
9.Rd1 Nbd7 10.Ng5 Bxg2 11.Kxg2 Rc8 12.b3 Be7 13.Nce4 h6 14.Nf3 Nxe4 15.Qxe4 Nc5
16.Qg4 Bf6 17.Rb1 b5 18.cxb5 axb5 19.Be3 Na6 20.a4 b4 21.Rbc1 Rxc1 22.Rxc1 Qa8
23.Kg1 d5 24.Bd4 Bxd4 25.Qxd4 O-O 26.Ne5 Rc8 27.Rxc8+ Qxc8 28.Qa7 Qc7 29.Qa8+ Qb8
30.Qxa6 Qxe5 31.Qc8+ Kh7 32.Qc2+ f5 33.Qa2 Qd6 34.e3 g5 35.a5 Qa6 36.Qa4 f4
37.gxf4 gxf4 38.Qxb4 f3 39.Qe7+ Kg6 40.Qe8+ Kg7 41.Qa4 Kh7 42.h3 Qe2 43.Qd7+ Kh8
44.Qd8+ Kg7 45.Qe7+ Kh8 46.Qh4 Kg7 47.Kh2 e5 48.Kg3 d4 49.Qe7+ Kg8 50.Qe6+ Kh7
51.Qf7+ Kh8 52.Qf6+ Kh7 53.exd4 e4 54.a6  1-0

[Event "Barcelona Vulca"]
[Site "Barcelona"]
[Date "1989.??.??"]
[Round "?"]
[White "Sanchez Guirado, Francisco"]
[Black "Vehi Bach, Victor Manuel"]
[Result "0-1"]
[WhiteElo "2360"]
[BlackElo "2360"]

1.Nf3 Nf6 2.c4 c5 3.Nc3 b6 4.e4 d6 5.g3 Bb7 6.d3 g6 7.Bg2 Bg7 8.O-O O-O 9.Bg5 h6
10.Bd2 Nc6 11.a3 Nd7 12.Rb1 Nd4 13.Nxd4 cxd4 14.Ne2 Nc5 15.b4 Ne6 16.f4 f5
17.exf5 Bxg2 18.Kxg2 gxf5 19.Ng1 Qd7 20.Re1 Nc7 21.Nf3 Rae8 22.Nh4 e5 23.Qf3 Qe6
24.Qc6 Rf7 25.Re2 e4 26.g4 e3 27.Nxf5 Rxf5 28.gxf5 Qxf5 29.Rbe1 Qg6+ 30.Kf1 Rf8
31.Bxe3 dxe3 32.Rxe3 Rxf4+ 33.Ke2 Qf6 34.Rf3 Ne6 35.Kf2 Qh4+ 36.Kf1 Qh3+  0-1

[Event "Bayamo"]
[Site "Bayamo"]
[Date "1989.??.??"]
[Round "5"]
[White "Vilela, Jose Luis"]
[Black "Rodriguez, Amador"]
[Result "1-0"]
[WhiteElo "2405"]
[BlackElo "2515"]

1.c4 Nf6 2.Nc3 c5 3.Nf3 e6 4.g3 Nc6 5.Bg2 d5 6.cxd5 Nxd5 7.O-O Nc7 8.d3 Be7
9.Be3 e5 10.Nd2 Bd7 11.Nc4 f6 12.Ne4 b6 13.Ned6+ Kf8 14.a4 Rb8 15.f4 exf4
16.Bxf4 Ne6 17.Bd2 Ncd4 18.e3 Bc6 19.Ne4 Bxe4 20.Bxe4 Ng5 21.exd4 Nxe4 22.dxe4 Qxd4+
23.Ne3 Rd8 24.Bc1 Qxe4 25.Qf3 Qxf3 26.Rxf3 Kf7 27.Nc4 Rd4 28.b3 Rd1+ 29.Rf1 Rhd8
30.Bb2 Rxa1 31.Bxa1 Ke6 32.Re1+ Kf7 33.Rf1 Ke6 34.Re1+ Kf7 35.Kf2 h5 36.Ke2 h4
37.Rd1 hxg3 38.Rxd8 Bxd8 39.hxg3 Ke6 40.Kf3 g6 41.Bc3 a6 42.Nb2 f5 43.Nd3 g5
44.a5 Kd5 45.axb6 Bxb6 46.Nb2 Bc7 47.Be1 Kd4 48.Na4 c4 49.Bf2+ Kd3 50.Nc5+ Kc3
51.Be1+ Kd4 52.Ne6+ Kd3 53.bxc4 g4+ 54.Kg2 Bxg3 55.Kxg3 Kxc4 56.Nc7  1-0

[Event "Belfort op"]
[Site "Belfort"]
[Date "1989.??.??"]
[Round "1"]
[White "Cerisier, Philippe"]
[Black "Velikov, Petar"]
[Result "1/2-1/2"]
[WhiteElo "2270"]
[BlackElo "2465"]

1.c4 Nf6 2.Nc3 c5 3.Nf3 e6 4.g3 b6 5.Bg2 Bb7 6.O-O d6 7.d4 cxd4 8.Qxd4 Be7
9.Bg5 a6 10.Bxf6 Bxf6 11.Qd3 Be7 12.Rfd1 Qc7 13.Ne4 Bxe4 14.Qxe4 Ra7 15.Rac1 O-O
16.Nd4 Qc5 17.a3 Rc7 18.b4 Qe5 19.Qxe5 dxe5 20.Nb3 Nd7 21.e3 f5 22.Bf1 Ra8
23.c5 bxc5 24.bxc5 Nxc5 25.Nxc5 Rxc5 26.Rxc5 Bxc5 27.a4 a5 28.Rd7 Rb8 29.Bc4 Rb6
30.Kg2 Kf8 31.Kf3 e4+ 32.Ke2 h5 33.h3 g6 34.Bb5 Bb4 35.Kf1 Rb8 36.Rc7 Rd8
37.Ra7 Rd1+ 38.Kg2 Rd2 39.Rc7 Rb2 40.Kf1 Rb1+ 41.Kg2 Be1 42.Kf1 Bb4+ 43.Kg2 Rb2
44.Kf1 e5 45.Rc6 Kg7 46.Rc7+ Kh6 47.Be8 Rb1+ 48.Kg2 Be1 49.Kf1 Bd2+ 50.Kg2 Rb2
51.Kf1 Rb8 52.Re7 Rb1+ 53.Kg2 Be1 54.Re6 Rb2 55.Kf1 Bxf2 56.Bxg6 f4 57.Bxe4+ Kg7
58.gxf4 exf4 59.exf4 Bh4 60.Rg6+ Kf7 61.Ra6 Rf2+ 62.Kg1 Rxf4 63.Bd5+ Ke7
64.Rxa5 Be1 65.Ra6  1/2-1/2

[Event "GMA-qual"]
[Site "Belgorod"]
[Date "1989.??.??"]
[Round "?"]
[White "Gofshtein, Leonid D"]
[Black "Moldobaev, Emil"]
[Result "1/2-1/2"]
[WhiteElo "2415"]
[BlackElo "2375"]

1.Nf3 Nf6 2.c4 c5 3.Nc3 e6 4.g3 b6 5.Bg2 Bb7 6.O-O Be7 7.d4 cxd4 8.Qxd4 d6
9.Bg5 a6 10.Nd2 Bxg2 11.Kxg2 O-O 12.Nde4 Nc6 13.Qd2 Nxe4 14.Nxe4 Bxg5 15.Nxg5 Qe7
16.Rac1 Rfd8 17.Rfd1 Rac8 18.Qe3 b5 19.cxb5 axb5 20.Qb6 Qxg5 21.Rxc6 Rxc6
22.Qxc6 Qe5 23.Rd2 g6 24.b3 Kg7 25.e3 d5 26.Rd4 Qb8 27.h4 Rc8 28.Qd7 Rc7
29.Qd6 Rb7 30.Qb4 h5 31.Qc3 Kg8 32.Rb4 Qa8 33.Kg1 Kh7  1/2-1/2

[Event "Bern"]
[Site "Bern"]
[Date "1989.??.??"]
[Round "?"]
[White "Jukic, Mirko"]
[Black "Cebalo, Miso"]
[Result "1/2-1/2"]
[WhiteElo "2475"]
[BlackElo "2505"]

1.Nf3 Nf6 2.c4 c5 3.Nc3 g6 4.d4 cxd4 5.Nxd4 Bg7 6.g3 Nc6 7.Bg2 O-O 8.O-O Qa5
9.Nb3 Qh5 10.e3 Qxd1 11.Rxd1 d6 12.c5 dxc5 13.Nxc5 Rb8 14.e4  1/2-1/2

[Event "Bern"]
[Site "Bern"]
[Date "1989.??.??"]
[Round "?"]
[White "Jakob, Simon"]
[Black "Cebalo, Miso"]
[Result "1-0"]
[WhiteElo "2200"]
[BlackElo "2505"]

1.c4 Nf6 2.Nf3 c5 3.Nc3 g6 4.g3 b6 5.Bg2 Bb7 6.b3 Bg7 7.Bb2 O-O 8.O-O Na6
9.a3 d5 10.cxd5 Nxd5 11.Qc2 e5 12.d3 Re8 13.Nxd5 Bxd5 14.Nd2 Nc7 15.b4 cxb4
16.axb4 Nb5 17.Bxd5 Qxd5 18.Qc4 Qd7 19.Rfc1 Rac8 20.Qb3 h6 21.Rc4 Rxc4 22.Nxc4 e4
23.Bxg7 Kxg7 24.Rd1 Nd4 25.Qb2 Kg8 26.Ne3 Qd6 27.dxe4 Rxe4 28.Rd3 Qe5 29.Qd2 Nc6
30.f3 Rxb4 31.Ng4 Rxg4 32.fxg4 a5 33.Rd5 Qe4 34.Rd7 Ne5 35.Rd8+ Kh7 36.Qb2 a4
37.Qxb6 Nxg4 38.Qd4 Qb1+ 39.Kg2 Qb7+ 40.Kg1 g5 41.Qxg4 Qb1+ 42.Kf2 a3 43.Qd7 Qb6+
44.Kg2  1-0

[Event "Biel op"]
[Site "Biel"]
[Date "1989.??.??"]
[Round "9"]
[White "Lalic, Bogdan"]
[Black "Franco Ocampo, Zenon"]
[Result "1-0"]
[WhiteElo "2500"]
[BlackElo "2475"]

1.Nf3 c5 2.c4 Nf6 3.Nc3 d5 4.cxd5 Nxd5 5.d4 e6 6.e4 Nxc3 7.bxc3 cxd4 8.cxd4 Bb4+
9.Bd2 Bxd2+ 10.Qxd2 O-O 11.Bc4 Nd7 12.O-O Nf6 13.Bd3 b6 14.Rfe1 Bb7 15.a4 Rb8
16.e5 Nd5 17.Ng5 h6 18.Ne4 f5 19.Nd6 Qh4 20.Bf1 Ne7 21.Nxb7 Rxb7 22.Bc4 Nd5
23.Bxd5 exd5 24.e6 f4 25.f3 Rc7 26.Rac1 Qe7 27.Rxc7 Qxc7 28.h3 Re8 29.Qd3 Qc6
30.Qf5 Re7 31.Re5 a5 32.Kh2 Qe8 33.h4 Qc6 34.Rxd5 Rxe6 35.Rd8+ Re8 36.d5 Qxa4
37.Qe6+ Kf8 38.d6  1-0

[Event "Noviki-B"]
[Site "Budapest"]
[Date "1989.??.??"]
[Round "?"]
[White "Casagrande, Harald"]
[Black "Stangl, Markus"]
[Result "1/2-1/2"]
[WhiteElo "2365"]
[BlackElo "2375"]

1.Nf3 Nf6 2.c4 c5 3.Nc3 b6 4.g3 Bb7 5.Bg2 e6 6.O-O a6 7.d4 cxd4 8.Qxd4 d6
9.b3 Nbd7 10.Bb2 Be7 11.Rad1 O-O 12.Ng5 Bxg2 13.Kxg2 Qc7 14.f4 h6 15.Nge4 Qc6
16.Kh3 Rfd8 17.f5 b5 18.fxe6 fxe6 19.Qe3 Re8 20.Ba3 d5 21.Bxe7 Nxe4 22.cxd5 exd5
23.Nxd5 Ng5+ 24.Kg2 Rab8 25.Qf2 Ne4 26.Qf3 Ng5 27.Qf2 Ne4  1/2-1/2

[Event "Spring op"]
[Site "Budapest"]
[Date "1989.??.??"]
[Round "?"]
[White "Loginov, Valery A"]
[Black "Stein, Bernd"]
[Result "1-0"]
[WhiteElo "2485"]
[BlackElo "2375"]

1.Nf3 c5 2.c4 Nf6 3.Nc3 d5 4.cxd5 Nxd5 5.g3 Nc6 6.Bg2 Nc7 7.a3 g6 8.b4 Bg7
9.bxc5 Ne6 10.Bb2 Nxc5 11.O-O e5 12.a4 a5 13.Rb1 Bf5 14.d3 Rc8 15.Nd2 Nb4
16.Nb5 O-O 17.Nc4 Nbxd3 18.exd3 Bxd3 19.Ncd6 Bxb1 20.Qxb1 Rb8 21.Qc2 b6 22.Ba3 Qe7
23.Bxc5 bxc5 24.Qxc5 Rfd8 25.Qc6 Bf8 26.Nb7 Rd2 27.Nxa5 Qb4 28.Nc4 Rc2 29.Bd5 Rd8
30.Bxf7+ Kg7 31.Be6 Be7 32.Qe4 Qxa4 33.Qxe5+ Bf6 34.Qc7+  1-0

[Event "Noviki-B"]
[Site "Budapest"]
[Date "1989.??.??"]
[Round "?"]
[White "Szilagyi, Peter"]
[Black "Spiriev, Peter"]
[Result "1/2-1/2"]
[WhiteElo "2390"]
[BlackElo "2205"]

1.c4 Nf6 2.Nf3 c5 3.Nc3 d5 4.cxd5 Nxd5 5.d4 Nxc3 6.bxc3 g6 7.e3 Bg7 8.Bd3 O-O
9.O-O Nc6 10.Rb1 cxd4 11.cxd4 b6 12.Qe2 Bb7 13.Rd1 Qd7 14.Bb2 Nb4 15.Bb5 Qg4
16.a3 Nd5 17.Ba6 Bxa6 18.Qxa6 Rfc8 19.Qb7 Qe4 20.Rbc1 Nc3 21.Qxe4 Nxe4 22.Kf1 b5
23.Ne5 Nd6  1/2-1/2

[Event "Noviki-B"]
[Site "Budapest"]
[Date "1989.??.??"]
[Round "?"]
[White "Szilagyi, Peter"]
[Black "Stangl, Markus"]
[Result "1-0"]
[WhiteElo "2390"]
[BlackElo "2375"]

1.c4 Nf6 2.Nf3 c5 3.Nc3 b6 4.e4 d6 5.d4 cxd4 6.Nxd4 Bb7 7.Qe2 e6 8.g3 Be7
9.Bg2 O-O 10.O-O Nfd7 11.Rd1 a6 12.b3 Qc7 13.Bb2 Re8 14.Rac1 Nf8 15.Qg4 Ng6
16.f4 Nd7 17.e5 dxe5 18.Nxe6 Bc5+ 19.Nxc5 Qxc5+ 20.Kh1 Nf6 21.Qh3 Bxg2+ 22.Qxg2 Ng4
23.Ne4 Qc6 24.Re1 f5 25.h3 fxe4 26.f5 Nh4 27.gxh4 Nf6 28.Rcd1 Ra7 29.Kh2 Rd7
30.Qe2 Qc8 31.Qf2 Qd8 32.Qe2 Rd3 33.Rg1 Qd6 34.Qg2 Re7 35.Rxd3 exd3 36.Qa8+ Ne8
37.f6 Qxf6 38.Qd5+ Qf7 39.Qxd3 Qf4+ 40.Qg3 Qxg3+ 41.Kxg3 Kf7 42.Re1 Kf6 43.Rxe5 Rxe5
44.Kf4 Ke6 45.Bxe5 Nf6 46.Bxf6 gxf6 47.Ke4 a5 48.a3 f5+ 49.Kf4 Kf6 50.h5 Ke6
51.h6 Kf6 52.b4 Ke6 53.b5  1-0

[Event "Noviki-C"]
[Site "Budapest"]
[Date "1989.??.??"]
[Round "?"]
[White "Bordas, Gyula"]
[Black "Stein, Bernd"]
[Result "0-1"]
[WhiteElo "2255"]
[BlackElo "2375"]

1.c4 c5 2.Nc3 Nf6 3.Nf3 d5 4.cxd5 Nxd5 5.g3 Nc6 6.Bg2 Nc7 7.d3 e5 8.Nd2 Bd7
9.Nc4 b5 10.Ne3 Rc8 11.O-O Nd4 12.f4 exf4 13.Rxf4 Bd6 14.Rf1 O-O 15.Bd2 Be6
16.Ne4 Be7 17.Nc2 f5 18.Nf2 Bf6 19.Nxd4 Bxd4 20.Qc2 Nd5 21.Bf3 Ne3 22.Bxe3 Bxe3
23.Kg2 Rf6 24.Nd1 Bd4 25.Qd2 Rh6 26.Nf2 Qd7 27.a3 f4 28.gxf4 Bh3+ 29.Kh1 Bxf1
30.Rxf1 Re8 31.Ng4 Rh4 32.e3 h5 33.Qf2 hxg4 34.Qxh4 gxf3 35.exd4 Qxd4 36.Qf2 Re3
37.Re1 Rxd3 38.Kg1 Qxf4  0-1

[Event "Elekes mem"]
[Site "Budapest"]
[Date "1989.??.??"]
[Round "?"]
[White "Sher, Miron N"]
[Black "Vegh, Endre"]
[Result "1/2-1/2"]
[WhiteElo "2460"]
[BlackElo "2370"]

1.c4 c5 2.Nf3 Nf6 3.Nc3 b6 4.d4 cxd4 5.Nxd4 Bb7 6.f3 d6 7.e4 e6 8.Be3 Be7
9.Be2 O-O 10.O-O a6 11.a4 Nbd7 12.a5 d5 13.exd5 exd5 14.cxd5 Nxd5 15.Nxd5 Bxd5
16.Nf5 Be6 17.Nxe7+ Qxe7 18.axb6 Bc4 19.Bxc4 Qxe3+ 20.Kh1 Nxb6 21.Bxa6 Rfd8
22.Qe2 Nd5 23.Rfe1 Qg5 24.g3 g6 25.Bc4 Rxa1 26.Rxa1 Ne3 27.Bd3 Qc5 28.Re1 Qd4
29.Qxe3 Qxd3 30.Qf2 Rb8 31.Kg2 Rb3 32.Re2 Kg7 33.Rd2 Qc4 34.Qe1 Qb5 35.Qe4 Rb4
36.Qe3 h5 37.Qc3+ Kh7 38.Qf6 Qc4 39.Qe5 Rb5 40.Qc3 Qe6 41.b4 Qe1 42.Qd4 Qe7
43.Rb2 Qb7 44.Qc4 Kg7 45.h4 Kh7 46.Qd4 Qe7 47.Qe4 Qf6 48.Rc2 Re5 49.Qc4 Re3
50.Rf2 Kg7 51.b5 Re6 52.Qb4 Kh7 53.Qb2 Qe7 54.Rd2 Qc7 55.Qc2 Qb7 56.Qc5 Rf6
57.Qd5 Qe7 58.Qd4 Re6 59.Qf2 Qb7 60.Rb2 Rf6 61.b6 Re6 62.Kh2 Re8 63.f4 Qd7
64.b7 Rb8 65.Qb6 Kg8 66.Qb5 Qc7 67.Qd5 Kh7 68.Qe4 Qd7 69.Qb1 Qe7 70.Qh1 Qd7
71.Qg2 Kg8 72.Rb3 Kh7 73.Qb2 Kg8 74.Rb6 Kh7 75.Rb5 Kg8 76.Rb4 Kh7 77.Qg2 Kg8
78.Rb2 Kh7 79.Qe4 Kg8 80.Qb4 Kh7 81.Qb5 Qc7 82.f5 Kg7 83.Qb6 Qd7 84.Qb5 Qc7
85.fxg6 fxg6 86.Qd5 Kh7 87.Kh3 Kg7 88.Qe4 Kh7 89.Kh2 Kg7 90.Rb5 Qf7 91.Kg1 Qc7
92.Kg2 Qd7 93.Rb6 Qd2+ 94.Kh3 Qd7+ 95.Re6 Rxb7 96.Qxg6+ Kf8 97.Qf5+ Kg7 98.Qf6+ Kg8
99.Qg5+ Kf8 100.Qg6 Ra7 101.Qf6+ Kg8 102.Qg5+ Kf8 103.Qg6 Rb7 104.Qf5+ Kg7
105.Rg6+ Kh7 106.Qxd7+ Rxd7 107.Rg5 Kh6 108.Kg2 Rf7 109.Rd5 Rf6 110.Rd4 Kg6
111.Rd3 Kh6 112.Rf3 Rb6 113.Kf2 Kg6 114.Rd3 Ra6 115.Kf3 Rb6 116.Re3 Ra6 117.Kf4 Rb6
118.Re5 Rb4+  1/2-1/2

[Event "Perenyi mem"]
[Site "Budapest"]
[Date "1989.??.??"]
[Round "?"]
[White "Kaidanov, Grigory S"]
[Black "Petran, Pal"]
[Result "0-1"]
[WhiteElo "2535"]
[BlackElo "2440"]

1.c4 Nf6 2.Nc3 c5 3.Nf3 g6 4.d4 cxd4 5.Nxd4 Nc6 6.e4 d6 7.Be2 Nxd4 8.Qxd4 Bg7
9.Be3 O-O 10.Qd2 b6 11.O-O Bb7 12.f3 Nd7 13.Rac1 Nc5 14.b4 Nd7 15.Rfd1 Re8
16.Bf1 Rc8 17.Nb5 a6 18.Nc3 Ba8 19.Qf2 Rc6 20.Ne2 Qb8 21.Nd4 Rc7 22.Nb3 Bc6
23.Nd4 Ba4 24.Re1 Rec8 25.Be2 Ne5 26.Qf1 Qb7 27.c5 b5 28.cxd6 exd6 29.Rxc7 Rxc7
30.Rc1 Qc8 31.Rxc7 Qxc7 32.Qe1 h5 33.h3 h4 34.Bf2 Nd7 35.f4 Nf6 36.Bf3 Ne8
37.Qd2 Qc4 38.Ne2 Nf6 39.Qxd6 Nxe4 40.Qd8+ Bf8 41.Bxe4 Qxe2 42.Qa8 Bc2 43.Bd5 Qd1+
44.Kh2 Qd2 45.Bxh4 Qxf4+ 46.Bg3 Qxb4 47.Qxa6 Qc5 48.Qb7 Be7 49.Bh4 Bd6+ 50.Kh1 Qc7
51.Qxb5 Ba4 52.Qf1 Be8 53.Bb3 Qc5 54.Bf6 Qe3 55.Bh4 Qe5 56.Qg1 Bc6 57.Be1 Qf4
58.Bf2 Qf5 59.Bg3 Bxg3  0-1

[Event "Buenos Aires BCA op"]
[Site "Buenos Aires"]
[Date "1989.??.??"]
[Round "9"]
[White "Contin, Daniel"]
[Black "Glavina, Pablo"]
[Result "1-0"]
[WhiteElo "2310"]
[BlackElo "2365"]

1.Nf3 Nf6 2.c4 e6 3.Nc3 c5 4.e4 Nc6 5.g3 d5 6.e5 Ng4 7.Qe2 d4 8.h3 Nh6 9.Ne4 Qc7
10.d3 Nxe5 11.Nxe5 Qxe5 12.Bf4 Qf5 13.Bd6 Ng8 14.Bg2 h5 15.Bxf8 Kxf8 16.Nd6 Qf6
17.O-O Ne7 18.a3 Nf5 19.Nxb7 Bxb7 20.Bxb7 Rb8 21.Bg2 a5 22.Qd2 Qd8 23.b4 axb4
24.Rfb1 bxa3 25.Rxb8 Qxb8 26.Rxa3 Ke7 27.Be4 f6 28.Qa2 Rd8 29.Ra7+ Rd7 30.Ra8 Qb4
31.Qe2 Rd8 32.Bxf5  1-0

[Event "Cannes op"]
[Site "Cannes"]
[Date "1989.??.??"]
[Round "?"]
[White "Murrey, Jacob"]
[Black "Eperjesi, Laszlo"]
[Result "1-0"]
[WhiteElo "2560"]
[BlackElo "2375"]

1.c4 c5 2.Nf3 Nf6 3.Nc3 e6 4.d4 cxd4 5.Nxd4 Bb4 6.Nb5 O-O 7.Bf4 d5 8.e3 Nc6
9.a3 Bxc3+ 10.Nxc3 h6 11.Bg3 d4 12.exd4 Nxd4 13.Be5 Nc6 14.Bd6 Ne7 15.Be2 Bd7
16.Bf3 Bc6 17.Bxc6 bxc6 18.Bb4 Re8 19.Qxd8 Raxd8 20.Bc5 Nc8 21.Ke2 Nd7 22.Be3 Ne5
23.b3 f5 24.Rhd1 Kf7 25.Na2 Nd7 26.Nb4 Nb8 27.a4 e5 28.f3 Rxd1 29.Rxd1 Ke7
30.a5 Rd8 31.Bc5+ Ke8 32.Rxd8+ Kxd8 33.Bf8 g6 34.Bxh6 c5 35.Nd3 Nc6 36.Nxc5 Nxa5
37.Bg7 Nc6 38.Kd2 Ke7 39.Kc3 a5 40.g4 Kf7 41.Bh6 Nd4 42.gxf5 Nxf3 43.fxg6+ Kxg6
44.Be3 Ne7 45.h3 Nc6 46.Nb7 Kf5 47.Bb6 Ng5 48.Nxa5 Nxa5 49.Bxa5 Nxh3 50.b4 Nf2
51.b5 Ke6 52.b6 Ne4+ 53.Kb4 Nd6 54.c5 Nc8 55.b7 Na7 56.Kc4  1-0

[Event "Caorle op"]
[Site "Caorle"]
[Date "1989.??.??"]
[Round "1"]
[White "Spasojevic, Zoran"]
[Black "Maksimovic, Suzana"]
[Result "1-0"]
[WhiteElo "2285"]
[BlackElo "2235"]

1.c4 Nf6 2.Nc3 e6 3.Nf3 c5 4.g3 b6 5.Bg2 Bb7 6.O-O d6 7.d4 cxd4 8.Nxd4 Bxg2
9.Kxg2 a6 10.Qa4+ Qd7 11.Qb3 Qb7+ 12.f3 Nbd7 13.Be3 Be7 14.a4 Nc5 15.Qa2 O-O
16.b4 Ncd7 17.b5 Ne5 18.Bf4 Nfd7 19.Ne4 Rfc8 20.Rfc1 Nc5 21.Nxc5 Rxc5 22.Bxe5 dxe5
23.Nc6 e4 24.fxe4 h5 25.Qb3 Bf6 26.Rab1 h4 27.Qf3  1-0

[Event "Caorle op"]
[Site "Caorle"]
[Date "1989.??.??"]
[Round "7"]
[White "Rukavina, Josip"]
[Black "Gajic, Zoran"]
[Result "0-1"]
[WhiteElo "2455"]
[BlackElo "2290"]

1.Nf3 Nf6 2.c4 c5 3.Nc3 g6 4.d4 cxd4 5.Nxd4 Bg7 6.e4 d6 7.Be2 Nc6 8.Be3 O-O
9.O-O Bd7 10.f3 a6 11.Qd2 Rc8 12.Rac1 Qa5 13.Nb3 Qd8 14.Na4 Be6 15.Nb6 Rb8
16.Rfd1 Nd7 17.Nd5 Rc8 18.f4 f5 19.exf5 Bxf5 20.Bf3 Nf6 21.Re1 Kh8 22.Bb6 Qd7
23.h3 e5 24.Nxf6 Bxf6 25.Rcd1 exf4 26.Qxd6 Qxd6 27.Rxd6 Bxb2 28.Nc5 Bd4+
29.Kh1 Rfe8 30.Rd1 Be3 31.Nxb7 Ne5 32.Bd4 Bxd4 33.R6xd4 Rxc4 34.Rxc4 Nxc4
35.Rd4 Re1+ 36.Kh2 Ne5 37.Bd5 g5 38.Nd6 Bg6 39.Ra4 Rd1 40.Ra5 Rd2 41.Kg1 g4
42.hxg4 Rd1+ 43.Kf2 Bd3 44.g3 Rd2+ 45.Ke1 Re2+ 46.Kd1 Nxg4 47.Bb3 Ne3+ 48.Kc1 f3
49.Rc5 f2 50.Rc8+ Kg7 51.Rg8+ Kf6  0-1

[Event "Cappelle op"]
[Site "Cappelle"]
[Date "1989.??.??"]
[Round "?"]
[White "Mikhalchishin, Adrian"]
[Black "Prie, Eric"]
[Result "1-0"]
[WhiteElo "2475"]
[BlackElo "2335"]

1.Nf3 Nf6 2.c4 c5 3.Nc3 e6 4.d4 cxd4 5.Nxd4 a6 6.Bg5 Be7 7.e3 Qa5 8.Bh4 Ne4
9.Bxe7 Nxc3 10.Qd2 Kxe7 11.bxc3 d6 12.Be2 Nd7 13.O-O Nc5 14.Bf3 Qc7 15.e4 f6
16.Qe3 Bd7 17.Rab1 Rab8 18.Rfd1 Rhd8 19.Be2 Kf7 20.f4 e5 21.Nf5 Bxf5 22.exf5 Na4
23.fxe5 dxe5  1-0

[Event "Cappelle op"]
[Site "Cappelle"]
[Date "1989.??.??"]
[Round "?"]
[White "Lechtynsky, Jiri"]
[Black "Kinsman, Andrew PH"]
[Result "1/2-1/2"]
[WhiteElo "2450"]
[BlackElo "2330"]

1.Nf3 Nf6 2.c4 c5 3.Nc3 e6 4.g3 Nc6 5.Bg2 Be7 6.O-O d5 7.cxd5 Nxd5 8.d4 O-O
9.Nxd5 exd5 10.dxc5 Bxc5 11.Ne1 d4 12.Nd3 Bb6 13.Bd2 Re8 14.Re1 Bg4 15.h3 Bf5
16.Rc1 Qd7 17.Kh2 Be4 18.Bxe4 Rxe4 19.Bf4 Rae8 20.Rc2 Qe7 21.a3 a5 22.Bc1 h5
23.f3 Re6 24.h4 Bc7 25.Bf4 Bxf4 26.Nxf4 Re5 27.Qd2 Qd6 28.Rd1 Qe7  1/2-1/2

[Event "Cappelle op"]
[Site "Cappelle"]
[Date "1989.??.??"]
[Round "?"]
[White "Angelov, Kosta"]
[Black "Bernei, Andras"]
[Result "1-0"]
[WhiteElo "2220"]
[BlackElo "2395"]

1.Nf3 Nf6 2.c4 c5 3.Nc3 d5 4.cxd5 Nxd5 5.d4 Nxc3 6.bxc3 g6 7.e4 Bg7 8.Bb5+ Nc6
9.O-O cxd4 10.cxd4 O-O 11.Be3 Bg4 12.Bxc6 bxc6 13.Rc1 Qd6 14.Qa4 Bd7 15.Rc5 h6
16.Ne5 Bxe5 17.dxe5 Qe6 18.Bxh6 Rfb8 19.Qc2 Rb5 20.a4 Rxc5 21.Qxc5 Rb8 22.h3 Rb2
23.Qxa7 c5 24.Qxc5 Kh7 25.Bf8 Bxa4 26.Qxe7 Qxe7 27.Bxe7 Bc2 28.f3 Bd3 29.Rd1 Rb1
30.Rxb1 Bxb1 31.Kf2 Bc2 32.Ke2 Bb1 33.Ke3 Bc2 34.Kf4 Bd1  1-0